| 000 | 00741nam a2200193Ia 4500 | ||
|---|---|---|---|
| 999 |
_c40034 _d40034 |
||
| 001 | 6640 | ||
| 003 | GE_BSU | ||
| 005 | 20191209125210.0 | ||
| 008 | 181216s2010||||ge |||||||||||||| ||geo|| | ||
| 040 | _cGE_BSU | ||
| 041 | _ageo | ||
| 080 | _a81'374(063) პ-38 | ||
| 245 | _aმეორე საერთაშორისო სიმპოზიუმი ლექსიკოგრაფიაში. | ||
| 264 |
_aბათუმი : _bმერიდიანი, _c2012. |
||
| 300 |
_a189 გვ.; _b27 სმ. |
||
| 653 | _aლექსიკოგრაფია | ||
| 710 |
_aშოთა რუსთაველის უნ-ტი _bჰუმანიტარულ მეცნ. ფაკ-ტი _95732 |
||
| 942 |
_cBK _2udc |
||